| 000 | 00398nam a22001577a 4500 | ||
|---|---|---|---|
| 999 |
_c532562 _d532562 |
||
| 003 | NUST | ||
| 005 | 20191125154547.0 | ||
| 008 | 191125b ||||| |||| 00| 0 eng d | ||
| 038 | _aMSOHAIL | ||
| 082 | _a0 | ||
| 100 |
_aSatyendra singh _926146 |
||
| 245 | _aAn Introduction to General Improvement | ||
| 260 |
_aNew Delhi _bScientific International _cc2013 |
||
| 300 | _ap;284 | ||
| 942 |
_2ddc _cBK |
||